Name 2015 rap albums - Statistics

General Stats
  • This quiz has been taken 22 times
  • The average score is 10 of 20
Answer Stats
Artist Album % Correct
Kendrick Lamar To Pimp a Butterfly
100%
Tyler, The Creator Cherry Bomb
93%
Travis Scott Rodeo
93%
A$AP Rocky AT. LONG. LAST. A$AP.
87%
Future Beast Mode / 56 Nights / DS2
80%
Drake If You're Reading This It's Too Late
80%
Drake & Future What a Time to Be Alive
73%
Lil Uzi Vert Luv Is Rage
67%
Joey Bada$$ B4. DA. $$.
47%
Young Thug Barter 6 / Slime Season 1/2
47%
Dr. Dre Compton
47%
Mac Miller GOOD:AM
47%
Earl Sweatshirt I Don't Like Shit, I Don't Go Outside
33%
Rae Sremmurd SremmLife
33%
Vince Staples Summertime '06
33%
Jay Rock 90059
27%
Lupe Fiasco Tetsuo & Youth
27%
Big Sean Dark Sky Paradise
20%
Meek Mill Dreams Worth More Than Money
7%
Logic The Incredible True Story
7%
No matching quizzes found
Score Distribution
Percent of People with Each Score
Percentile by Number Answered
Your Score History
You have not taken this quiz